Liedtext - Griechischer Wein - Udo Jürgens - Statistiken

Allgemein
  • Dieses Quiz wurde 3.727 mal gespielt
  • Das Durchschnittsergebnis liegt bei 171 aus 243
Antwortstatistiken
Textquiz % Korrekt
Wein
97%
ein
96%
Griechischer
96%
Da
94%
ich
92%
Ich
92%
schenk
92%
Schenk
92%
das
91%
der
91%
du
90%
Komm
90%
wie
89%
Es
88%
es
88%
Erde
87%
mir
87%
so
87%
und
87%
Und
87%
ist
86%
Blut
85%
war
85%
die
83%
als
82%
Als
82%
schon
81%
noch
80%
dunkel
79%
ging
77%
wenn
75%
den
74%
durch
74%
man
73%
Werd
73%
dann
72%
dass
72%
Dass
72%
daran
71%
Licht
71%
traurig
71%
auf
70%
aus
70%
von
70%
Von
70%
dem
69%
fremd
69%
heimwärts
69%
liegt
69%
mich
69%
mit
69%
nochmal
69%
daheim
68%
immer
68%
Musik
68%
sah
68%
kalt
67%
werde
67%
Wirtshaus
67%
Haar
66%
Männer
66%
musst
66%
träume
66%
allein
65%
alt
65%
lud
65%
schien
65%
sein
65%
trat
65%
verzeihen
65%
dir
64%
einer
63%
Vorstadtstraßen
63%
Lieder
62%
saßen
62%
stand
62%
Augen
61%
in
61%
schwarzem
61%
südlich
61%
Gehsteig
60%
Jukebox
60%
braunen
59%
drum
59%
erklang
58%
vertrauten
57%
nur
56%
sie
56%
Sie
56%
Fremder
55%
hatte
55%
Stadt
55%
dieser
54%
wieder
54%
Zeit
53%
Sehnsucht
48%
Denn
45%
nie
44%
erzählten
43%
Kind
43%
zu
43%
Frauen
41%
Vater
41%
seinen
40%
fühl
38%
Glück
37%
Hause
37%
Meer
36%
sind
36%
alleine
34%
für
34%
jungen
33%
Wind
33%
grünen
32%
kleines
32%
alten
31%
sagten
29%
Ersparte
28%
zurück
28%
geht
27%
hier
27%
Hügeln
27%
irgendwann
27%
mehr
26%
sich
26%
denkt
24%
genügt
24%
Häusern
24%
keiner
24%
bald
19%
Keine übereinstimmenden Quizze gefunden
Verteilung der Resultate
Anzahl Personen mit jedem Resultat
Perzentil nach korrekt beantworteten Fragen
Ihre Resultats-Entwicklung
Sie haben dieses Quiz noch nicht gespielt